| 000 | 00517nab a2200145Ia 4500 | ||
|---|---|---|---|
| 003 | ES-SlBCS | ||
| 005 | 20210601145443.0 | ||
| 008 | 140529s1994 xxu||||| |||| 00| 0 spa d | ||
| 041 | _aspa | ||
| 100 | 1 |
_aPastor, María de los Ángeles _9133490 |
|
| 245 | 0 | 0 |
_aEl papel del apoyo social en la experiencia de dolor crónico. Un estudio empírico _c María de los Ángeles Pastor |
| 650 | 0 | 4 |
_aDolor Crónico _9128023 |
| 773 | 0 |
_tRevista de Psicología Social _gvol. 9, nº. 2, 1994, págs. 179-192 _wRev720 |
|
| 942 | _cAR | ||
| 999 |
_c724581 _d724581 |
||